[Event "Let's Play Chess!"]
[Site "http://www.queenalice.com/game.php?id=1285373"]
[Date "2014.6.1"]
[Round "-"]
[White "helderoliveirafreitas"]
[Black "specktro"]
[Result "1-0"]
[WhiteElo "988"]
[BlackElo "1704"]

1. e3 Nf6 2. b3 g6 3. Nf3 Bg7 4. Bc4 Nd5 5. Bxd5 Bxa1 6. Ng5 e6 7. h4 exd5 8.
Qf3 Bf6 9. Qxd5 Bxg5 10. hxg5 O-O 11. Bb2 Nc6 12. f4 d6 13. b4 Qe7 14. Qb3 Re8
15. Qc3 f6 16. b5 Nd8 17. gxf6 Qf7 18. Qd4 b6 19. d3 c5 20. Qxd6 Qxa2 21. f7+
Kxf7 22. Qf6+ Kg8 23. Qg7# 1-0

[Event "Mais uma?"]
[Site "http://www.queenalice.com/game.php?id=1289289"]
[Date "2014.6.19"]
[Round "-"]
[White "helderoliveirafreitas"]
[Black "specktro"]
[Result "0-1"]
[WhiteElo "1191"]
[BlackElo "1695"]

1. e3 c5 2. b3 Nf6 3. g3 Qb6 4. Bc4 g6 5. Nf3 d5 6. Bd3 Qc6 7. O-O Bg4 8. Nc3 d4
9. exd4 Qxf3 10. Qe1 Bh3 11. Be4 Nxe4 12. Qxe4 Qxe4 13. Nxe4 cxd4 14. Re1 Bf5
15. Nd6+ Kd7 16. Nxf7 Rg8 17. Ne5+ Ke8 18. c3 dxc3 19. dxc3 Nd7 20. Nc4 Bg7 21.
Bb2 b5 22. Na5 b4 23. Nc6 bxc3 24. Rxe7+ Kf8 25. Ba3 c2 26. Rxd7+ Ke8 27. Re7+
Kf8 28. Rae1 Rh8 0-1

[Event "Challenge"]
[Site "http://www.queenalice.com/game.php?id=1289347"]
[Date "2014.6.19"]
[Round "-"]
[White "Cajucarol"]
[Black "helderoliveirafreitas"]
[Result "0-1"]
[WhiteElo "890"]
[BlackElo "1227"]

1. e4 e6 2. Nf3 b6 3. d4 Bb7 4. Nc3 c5 5. dxc5 bxc5 6. Bd3 a5 7. Be3 Nf6 8. g3
Bd6 9. Nb5 Be5 10. Nxe5 O-O 11. Nd6 Ba6 12. Bxc5 Qc7 13. Ba3 Nc6 14. f4 a4 15.
h3 Qa5+ 16. c3 Rab8 17. g4 Ne8 18. Nxd7 Nxd6 19. Nxf8 Rxf8 20. Bxd6 Rd8 21. e5
a3 22. b4 Qb6 23. Bxa6 Qxa6 24. Qf3 Rc8 25. Rb1 Rf8 26. b5 Qa4 27. Rb4 Nxb4 28.
Bxf8 Nc2+ 29. Kf2 Qa7+ 30. Kg2 Kxf8 31. Rd1 Ne3+ 32. Kh1 Nxd1 33. Qxd1 Qa8+ 34.
Kg1 g6 0-1

[Event "Let's Play Chess!"]
[Site "http://www.queenalice.com/game.php?id=1292448"]
[Date "2014.7.6"]
[Round "-"]
[White "helderoliveirafreitas"]
[Black "Nimzou"]
[Result "1-0"]
[WhiteElo "1227"]
[BlackElo "1307"]

1. e4 d6 2. Nc3 Nf6 3. Nf3 Nbd7 4. Ng5 h6 5. Nh3 g5 6. Qe2 Bg7 7. f4 e6 8. fxg5
hxg5 9. Nxg5 Ng8 10. d3 f6 11. Nxe6 c6 12. Nxd8 Kxd8 13. e5 Nxe5 14. d4 Bg4 15.
Qe4 f5 16. Bg5+ Ne7 17. Qf4 Bh6 18. Bxh6 Nf7 19. Bg5 Nxg5 20. Qxg5 Rh5 21. Qf6
Kd7 22. Be2 Bxe2 23. Nxe2 Rah8 24. Nf4 R8h6 25. Qf7 Rh7 26. Qe6+ Kc7 27. Nxh5
Rxh5 28. Qxe7+ Kb6 29. O-O-O d5 30. Qc5+ Kc7 31. Rde1 b6 32. Re7+ Kd8 33. Qd6+
Kc8 34. Qc7# 1-0

[Event "Let's Play Chess!"]
[Site "http://www.queenalice.com/game.php?id=1294451"]
[Date "2014.7.14"]
[Round "-"]
[White "magalhaes_br"]
[Black "helderoliveirafreitas"]
[Result "1-0"]
[WhiteElo "1363"]
[BlackElo "1249"]

1. e4 Nf6 2. Nc3 e6 3. Nh3 b6 4. d3 Bb4 5. a3 Bxc3+ 6. bxc3 O-O 7. Be2 d5 8. Bf3
Qd7 9. c4 Qc6 10. O-O dxc4 11. dxc4 Qxc4 12. Rb1 a5 13. Nf4 Nc6 14. Ne2 Rd8 15.
Qe1 Ne5 16. Qc3 Qc5 17. Be3 Ba6 18. Bxc5 bxc5 19. Qxe5 Rd2 20. Qxc7 Bxe2 21.
Rb8+ Ne8 22. Qb7 Rxb8 23. Qxb8 Kf8 24. Re1 Ba6 25. Qb6 Bc4 26. Qxc5+ Kg8 27.
Qxc4 g6 28. Qc8 Kf8 29. Qc5+ Kg7 30. Qxa5 f5 31. Qxd2 Nf6 32. exf5 exf5 33. Re7+
Kf8 34. Re6 Kf7 35. Qd6 Ne8 36. Qe7+ Kg8 37. Qxe8+ Kg7 38. h4 Kh6 39. h5 Kg5 40.
hxg6 hxg6 41. Qxg6+ Kf4 42. g3+ 1-0

[Event "Challenge"]
[Site "http://www.queenalice.com/game.php?id=1294649"]
[Date "2014.7.14"]
[Round "-"]
[White "CaptCrap"]
[Black "helderoliveirafreitas"]
[Result "1-0"]
[WhiteElo "1372"]
[BlackElo "1175"]

1. e4 e5 2. Nc3 Bc5 3. Nge2 Qf6 4. d4 exd4 5. Nd5 d3 6. Nxf6+ Nxf6 7. cxd3 O-O
8. d4 Bb4+ 9. Bd2 a5 10. Ng3 Nc6 11. Bc3 Be7 12. Bd3 a4 13. a3 Na5 14. O-O b6
15. Nf5 Re8 16. Qf3 c5 17. dxc5 bxc5 18. Qg3 g6 19. Nh6+ Kf8 20. Qf3 c4 21. Bxf6
Nb3 22. Bh8 1-0

[Event "Challenge"]
[Site "http://www.queenalice.com/game.php?id=1294978"]
[Date "2014.7.15"]
[Round "-"]
[White "helderoliveirafreitas"]
[Black "blueyk"]
[Result "1-0"]
[WhiteElo "1134"]
[BlackElo "1479"]

1. e4 e5 2. Nc3 Nf6 3. Nf3 Bd6 4. Bc4 O-O 5. d4 Qe7 6. O-O a6 7. Nd5 Nxd5 8.
Bxd5 Kh8 9. g3 c6 10. Bb3 Bb4 11. Nxe5 d6 12. Nd3 Ba5 13. c3 Qxe4 14. Re1 Qf5
15. Re3 Qh3 16. Re7 Bg4 17. Qe1 Bf3 18. Nf4 Qh6 19. Re8 g6 20. Qe7 Rxe8 21.
Qxe8+ Kg7 22. Ne6+ Kf6 23. Bxh6 Bg4 24. Re1 d5 25. Bg5+ Kf5 26. Bc2# 1-0

[Event "Challenge"]
[Site "http://www.queenalice.com/game.php?id=1295090"]
[Date "2014.7.16"]
[Round "-"]
[White "helderoliveirafreitas"]
[Black "Oscar1961"]
[Result "1-0"]
[WhiteElo "1259"]
[BlackElo "1216"]

1. e4 e5 2. Nf3 d6 3. Nc3 Bg4 4. Bc4 Bxf3 5. Qxf3 Nf6 6. d3 h6 7. Bf4 exf4 8. e5
Nc6 9. exf6 Qxf6 10. Bb5 O-O-O 11. Bxc6 bxc6 12. Qxc6 Kb8 13. Nb5 Rc8 14. Qa6
Re8+ 15. Kd2 c6 16. Qxa7+ Kc8 17. Qc7# 1-0

[Event "Challenge"]
[Site "http://www.queenalice.com/game.php?id=1295590"]
[Date "2014.7.18"]
[Round "-"]
[White "blueyk"]
[Black "helderoliveirafreitas"]
[Result "1-0"]
[WhiteElo "1460"]
[BlackElo "1281"]

1. d4 d5 2. c4 c6 3. Nf3 dxc4 4. e3 e6 5. Bxc4 Qa5+ 6. Bd2 Bb4 7. O-O Nf6 8. a3
Na6 9. Bxa6 bxa6 10. Bxb4 Qc7 11. Nc3 Ng4 12. Ne4 c5 13. Bxc5 Bb7 14. Nd6+ Kd7
15. Nxb7 Qxb7 16. Qc2 h5 17. b4 h4 18. h3 Nf6 19. Ne5+ Kc7 20. Be7+ Kb8 21. Bd6+
Qc7 22. Qxc7# 1-0

[Event "AUTO-BEG-612"]
[Site "http://www.queenalice.com/game.php?id=1296759"]
[Date "2014.7.23"]
[Round "1"]
[White "helderoliveirafreitas"]
[Black "Penge1994"]
[Result "0-1"]
[WhiteElo "1249"]
[BlackElo "1569"]

1. e4 c6 2. Bc4 d5 3. exd5 cxd5 4. Bb3 Nc6 5. Qf3 Nf6 6. Nc3 Bg4 7. Qd3 e6 8.
Qb5 Qc7 9. f3 Bf5 10. g4 Bg6 11. g5 Nd7 12. d3 Bd6 13. f4 a6 14. Qa4 Nb6 15.
Bxd5 Nxa4 16. Nxa4 exd5 0-1